000
00261 a2200133 4500
001
155367
040
_c
Escola São Tomás de Aquino
240
1
0
_a
Plantas
_l
por
245
1
0
_a
Plantas
300
_a
63
440
1
_a
Ática
697
_a
CIÊNCIAS
942
_c
BK
999
_c
155367
_d
155367